Κράτος και πολιτική θεωρία

Αποθηκεύτηκε σε:
Λεπτομέρειες βιβλιογραφικής εγγραφής
Κύριος συγγραφέας: Carnoy, Martin
Άλλοι συγγραφείς: Παπαϊωάννου, Σούλα (trlf), Γκράβαρης, Διονύσης (Επιμελητής έκδοσης)
Μορφή: Βιβλίο
Γλώσσα:Greek
English
Δημοσίευση: Αθήνα : Οδυσσέας, 1990.
Θέματα:
Ετικέτες: Προσθήκη ετικέτας
Δεν υπάρχουν, Καταχωρήστε ετικέτα πρώτοι!

MARC

LEADER 00000cam a2200000 i 4500
001 1/97624
008 950221s1990 gr | ||| |||| ||gre||
020 |a 9602100575 
035 |l 10010629 
040 |a GR-MyUa  |b gre  |e AACR2 
041 1 |a gre  |h eng 
082 7 |a 321.92   |2 (22) 
100 1 |a Carnoy, Martin. 
245 1 0 |a Κράτος και πολιτική θεωρία /   |c Martin Carnoy ; μετάφραση Σούλα Παπαιωάννου ; επιμέλεια κειμένου Διονύσης Γκράβαρης.  
260 |a Αθήνα :   |b Οδυσσέας,   |c 1990.  
300 |a 379 σ. ;   |c 24 εκ.  
500 |a Μετάφραση του: The state and political theory 
650 0 |a Communist state. 
650 0 |a State, The. 
650 0 |a Political science  |z United States. 
700 1 |a Παπαϊωάννου, Σούλα,  |e trlf 
700 1 |a Γκράβαρης, Διονύσης,  |e edt 
852 |a INST  |b LESVOS  |e 19950221  |h 321.92 CAR  |p 005100002849  |q 005100002849  |t BK  |y 0 
852 |a INST  |b LESVOS  |e 20081119  |h 321.92 CAR  |p 005100044258  |q 005100044258  |t BK  |y 0 
852 |a INST  |b SYROS  |e 20210316  |h 321.92 CAR  |p 005500014369  |q 005500014369  |t BK  |y 0 
901 |a BIBL1-2008-3 
922 |a 1ΕΛΗ  |b 199211  |c ΠΠ/2141 
970 |z 1995/02